000 00375nam a22001457a 4500
020 _a978-0-00-779228-3
082 _a823
_bBON/P
100 _aBOND, MICHAEL
245 _aPADDINGTON MACHES ON
_bCLASSIC ADVENTURES OF THE BEAR FROM DARKEST PERU
260 _aLONDON
_bHARPER COLLINS
_c1998
300 _a144
520 _aENGLISH STORY
650 _aENGLISH STORY
942 _cBK
999 _c5752
_d5752